| 000 | 01072nam a22002055i 4500 | ||
|---|---|---|---|
| 001 | 153792 | ||
| 003 | ES-MaACL | ||
| 005 | 20230906205404.0 | ||
| 008 | 000920s1859 sp l |||| | spa d | ||
| 040 |
_aCCPB | B _bspa _cCCPB | B |
||
| 080 | _a351.823.3(460) | ||
| 100 | 1 |
_aMaffei, Eugenio. _9129333 |
|
| 245 | 1 | 0 |
_aObservaciones al proyecto de ley de minas aprobado por el Senado _b: publicadas en el Boletín minero del periódico Las novedades / _cpor D. Eugenio Maffei, ingeniero de minas, y otros artículos relativos al mismo asunto. |
| 260 |
_aMadrid : _b[s.n.], _c1859 ( _fImprenta de las Novedades, á cargo de N. Heredia) |
||
| 300 |
_a27 p. ; _c23 cm. |
||
| 530 | _aDisponible también en sitio web. | ||
| 650 |
_aMinas- _xDerecho y legislación- _zEspaña. _9175982 |
||
| 852 |
_aES-MaACL _jT-1292-F-5 _z-- Enc. hol. _z-- Ex-libris ms. de Laureano Figuerola _q-- Falto de la cub. original _z-- Enc. en un vol. facticio |
||
| 856 |
_uhttp://bibliotecadigitalhispanica.bne.es:80/webclient/DeliveryManager?pid=1838093&custom_att_2=simple_viewer _zIr a la página |
||
| 999 |
_c153792 _d153792 |
||